Spoločnosť s ručením obmedzeným medzi založením a vznikom
Úkony spoločnosti pred jej vznikom upravuje ustanovenie par. 64 ods. 1 Obchodného zákonníka. Správa splatených vkladov. Prenájom priestorov v budúcom sídle spoločnosti. Získanie živnostenského oprávnenia. Návrh na zápis spoločnosti do obchodného registra.
Enregistré dans:
| Auteur principal: | |
|---|---|
| Format: | Chapitre de livre |
| Langue: | slovaque |
| Sujets: | |
| Tags: |
Pas de tags, Soyez le premier à ajouter un tag!
|
MARC
| LEADER | 00000naa a2200000 4500 | ||
|---|---|---|---|
| 001 | r036715 | ||
| 005 | 20230919114606.2 | ||
| 041 | 0 | |a slo | |
| 044 | |a SK | ||
| 245 | 1 | 0 | |a Spoločnosť s ručením obmedzeným medzi založením a vznikom |c Imrich Fekete |
| 520 | |a Úkony spoločnosti pred jej vznikom upravuje ustanovenie par. 64 ods. 1 Obchodného zákonníka. Správa splatených vkladov. Prenájom priestorov v budúcom sídle spoločnosti. Získanie živnostenského oprávnenia. Návrh na zápis spoločnosti do obchodného registra. | ||
| 610 | 2 | 0 | |a spoločnosti s r.o. |
| 610 | 2 | 0 | |a register obchodný |
| 610 | 2 | 0 | |a zmluvy spoločenské |
| 610 | 2 | 0 | |a konatelia |
| 610 | 2 | 0 | |a záväzky |
| 610 | 2 | 0 | |a osoby právnické |
| 610 | 2 | 0 | |a živnosti |
| 610 | 2 | 0 | |a živnostníci |
| 610 | 2 | 0 | |a zákonník obchodný |
| 610 | 2 | 0 | |a Slovensko |
| 100 | 1 | |a Fekete, Imrich | |